00353nam a2200109 a 450000100100000000500170001000800410002704000250006824500450009326000840013830000210022200003075120200930062505.0110527s19uu dr 000 0 spa d aDO-SdBNPbspacBNPHU00a¡Basta ya de violencia contra nosotras! a[Santo Domingo] :bCentro de Orientación e Investigación Integral,c[199?]. a[9] p. ;c21 cm.